Catálogo

¿QUE SON LOS VALORES? : (Registro nro. 43677)

Detalles MARC
000 -LEADER
fixed length control field 00839nam a2200193 a 4500
001 - CONTROL NUMBER
control field 43677
005 - DATE AND TIME OF LATEST TRANSACTION
control field 20180714022257.0
008 - FIXED-LENGTH DATA ELEMENTS--GENERAL INFORMATION
fixed length control field 140415s1972 mx 000 0 spa d
041 ## - LANGUAGE CODE
Language code of text/sound track or separate title spa
082 ## - DEWEY DECIMAL CLASSIFICATION NUMBER
Classification number 121.8
Item number FRO
100 1# - MAIN ENTRY--PERSONAL NAME
Personal name FRONDIZI, RISIERI
245 10 - TITLE STATEMENT
Title ¿QUE SON LOS VALORES? :
Remainder of title INTRODUCCION A LA AXIOLOGIA
250 ## - EDITION STATEMENT
Edition statement 3a ed.
260 ## - PUBLICATION, DISTRIBUTION, ETC.
Place of publication, distribution, etc. MEXICO :
Name of publisher, distributor, etc. FONDO DE CULTURA ECONOMICA,
Date of publication, distribution, etc. 1972
300 ## - PHYSICAL DESCRIPTION
Extent 236
Dimensions 10.5 x 1.2 x 17
490 ## - SERIES STATEMENT
Series statement BREVIARIOS DEL FONDO DE CULTURA ECONOMICA
520 ## - SUMMARY, ETC.
Summary, etc. SE EXPONEN Y EXAMINAN LAS DOCTRINAS AXIOLÓGICAS MÁS IMPORTANTES PARA LLEGAR A LA CONCLUSIÓN DE QUE EL VALOR ES UNA CUALIDAD ESTRUCTURAL DENTRO DE UNA SITUACION. Y QUE LA EXISTENCIA DE UN ORDEN AXIOLÓGICO ES UNA INCITACIÓN PERMANENTE A LA ACCIÓN CREADORA Y LA ELEVACION MORAL.
650 14 - SUBJECT ADDED ENTRY--TOPICAL TERM
Topical term or geographic name entry element VALORES (FILOSOFIA)
Existencias
Withdrawn status Lost status Source of classification or shelving scheme Damaged status Not for loan Collection code Home library Current library Shelving location Date acquired Source of acquisition Inventory number Total Checkouts Full call number Barcode Date last seen Date last checked out Price effective from Koha item type
    Dewey Decimal Classification     General Biblioteca Karol Wojtyla Biblioteca Karol Wojtyla Sala general 03/12/2013 Compra 151000000000000000060717 2 121.8 FRO 65680 05/01/2026 25/10/2023 03/12/2013 Libro